| 000 | 01152nam a22002775a 4500 | ||
|---|---|---|---|
| 008 | 150629s2014 ii a frb 001 0 eng d | ||
| 020 | _a9789350907320 | ||
| 040 |
_aEG-ScBUE _beng _dEG-ScBUE |
||
| 082 | 0 | 4 |
_a612.015 _bSHA _222 |
| 100 | 1 |
_aSharma, Suresh K. _938260 |
|
| 245 | 1 | 0 |
_aTextbook of biochemistry & biophysics for nurses : _bas per the syllabus of post basic nursing of Indian Nursing Council (INC) / _cSuresh K. Sharma. |
| 246 | 3 |
_aTextbook of biochemistry and biophysics for nurses : _bas per the syllabus of post basic nursing of Indian Nursing Council (INC) |
|
| 250 | _a1st ed. | ||
| 260 |
_aNew Delhi : _bJaypee Brothers Medical Publishers (p) LTD, _c2014. |
||
| 300 |
_axviii, 290 p. : _bill. ; _c24 cm. |
||
| 500 | _aIndex : p. 279-290. | ||
| 504 | _aIncludes bibliographical references. | ||
| 650 | 7 |
_2BUEsh _918368 _aBiochemistry _vTextbook. |
|
| 650 | 0 |
_aBiophysics _vTextbook. _2BUEsh _911194 |
|
| 650 | 0 |
_aNursing _xStudy and teaching _vTextbook. _2BUEsh _936329 |
|
| 651 | _2BUEsh | ||
| 653 |
_bNNUR _cJune2015 _cJuly2015 |
||
| 655 |
_vreading book _934232 |
||
| 710 | 2 | _aIndian Nursing Council (INC) | |
| 942 |
_2ddc _k612.015 SHA |
||
| 999 |
_c20042 _d20014 |
||